000 00371nam a2200157Ia 4500
008 230917s9999||||xx |||||||||||||| ||und||
020 _cGBP0.8
040 _e48007
_aMAIN
041 _aEnglish
082 _a843.6 B219U
100 _aBalzac, Honore de
245 0 _aUrsule Mirouet
260 _aHarmondsworth
_bPenguin Books
_c1976
300 _a265 p.
942 _cBK
999 _c197398
_d197398